00000000nam##2200000za#4500
0019.524148
003CaOODSP
00520200325172241
007ta
008150406|1994||||xxc|||||     f|0| 0 eng|d
040 |aCaOODSP|beng
041 |aeng
041 |afre
043 |an-cn---
0861 |aYX4-1994/16
1101 |aCanada.|bStatutes.
24510|aNational Sports of Canada Act : |b(An Act to recognize hockey and lacrosse as the national sports of Canada.)
260 |bStatutes |cBill C-212 assented to 12th May, 1994.
300 |a1p. ; |c27 cm.
4901 |aStatutes of Canada 1994|vChapter 16
546 |aBilingual
563 |aSoftcover
590 |a94-22|b1994-06-03
792 |tLoi sur les sports nationaux du Canada : |efre|w(CaOODSP)9.524149
830#0|aStatutes of Canada 1994 ;|vChapter 16|w(CaOODSP)9.509752